Word Ladder: Welcome to Bedrock Quiz Stats

 Plays Quiz Updated Jul 2, 2018

Score 0/26 Timer 03:00
0 Plays Today
Clue 4-Letter Word % Correct
Not aliveDEAD
98.9%
Not fakeREAL
98.5%
*** The Flintstone family patriarch ***FRED
98%
Wayne Brady hosts 'Let's Make a ___ '.DEAL
97.9%
A document of ownershipDEED
97.6%
To give a meal toFEED
97.6%
Fermented grape juiceWINE
94.1%
*** Wilma is the ___ of the first clue ***WIFE
93.7%
Not well or in poor healthSICK
92.2%
Very fine, soft, shimmery fabricSILK
92.1%
Breathing organ of a fishGILL
91.4%
Board game in which you conquer the worldRISK
90.6%
To get up from a sitting or prone positionRISE
89.7%
Clue 4-Letter Word % Correct
*** Pebbles is the baby ___ of the family ***GIRL
89.2%
*** ___ is the family pet Snorkasaurus ***DINO
89%
An old time slang for alcoholicWINO
88%
Soil or grimeDIRT
86.9%
Grimes of 'The Walking Dead'RICK
86.5%
Unchecked or widespreadRIFE
85.7%
A small impression on a surfaceDINT
83.3%
To steal or cheat out ofBILK
77.7%
The beak end of a duckBILL
76.7%
Covered in goldGILT
75.6%
Encircled with a bandGIRT
72.6%
The currency in Oman and IranRIAL
71.1%
A small creek or streamRILL
66.2%

Today's Daily Dose

You're not logged in!

Compare scores with friends on all Sporcle quizzes.
OR
Log In

Sporcle TV

Today on Sporcle TV


Watch our educational content, quiz creation guides, and fun videos on Sporcle TV.

Show Comments

Extras

Top Quizzes Today


Score Distribution

Your Account Isn't Verified!

In order to create a playlist on Sporcle, you need to verify the email address you used during registration. Go to your Sporcle Settings to finish the process.

Report this User

Report this user for behavior that violates our Community Guidelines.

Details: